Statistics for Steven Universe Episode Titles

Click here to take the quiz!

General Stats

  • This quiz has been taken 201 times
    (173 since last reset)
  • The average score is 81 of 154

Answer Stats

Season#Episode Title% Correct
11Gem Glow
85%
529-32Change Your Mind
80%
528Escapism
74%
152Jail Break
72%
112Giant Woman
71%
126Ocean Gem
71%
125Mirror Gem
70%
17Bubble Buddies
68%
13Cheeseburger Backpack
68%
15Frybo
68%
320-21Bismuth
67%
53Off Colors
67%
523-24Reunited
67%
525Legs From Here to Homeworld
66%
110Steven's Lion
66%
137Alone Together
65%
52The Trial
65%
14Together Breakfast
65%
518A Single Pale Rose
63%
526Familiar
63%
21Full Disclosure
63%
114Lars and the Cool Kids
63%
12Laser Light Cannon
63%
414The Zoo
63%
325Bubbled
62%
222The Answer
62%
424Are You My Dad?
61%
425I Am My Mom
61%
38Mr. Greg
61%
527Together Alone
61%
322Beta
60%
35Hit the Diamond
60%
512Jungle Moon
60%
119Rose's Room
60%
324Back to the Moon
59%
42Know Your Fusion
59%
522Made of Honor
59%
31Super Watermelon Island
59%
521The Question
59%
134Watermelon Steven
59%
16Cat Fingers
57%
120Coach Steven
57%
54Lars' Head
57%
511Lars of the Stars
57%
216Nightmare Hospital
57%
140On the Run
57%
415That Will Be All
57%
32Gem Drill
56%
117Lion 2: The Movie
56%
135Lion 3: Straight to Video
56%
217Sadie's Song
56%
23Say Uncle
56%
223Steven's Birthday
56%
151The Return
56%
138The Test
56%
133Garnet's Universe
55%
48-9Gem Harvest
55%
212Keystone Motel
55%
226Log Date 7 15 2
55%
47Onion Gang
55%
59Sadie Killer
55%
34Barn Mates
54%
139Future Vision
54%
131Keep Beach City Weird
54%
225Message Received
54%
18Serious Steven
54%
26Sworn to the Sword
54%
132Fusion Cuisine
52%
130Island Adventure
52%
224It Could've Been Great
52%
510Kevin Party
52%
516Letters to Lars
52%
123Monster Buddies
52%
519Now We're Only Falling Apart
52%
115Onion Trade
52%
145Rose's Scabbard
52%
411Steven's Dream
52%
51Stuck Together
52%
517Can't Go Back
51%
211Cry for Help
51%
323Earthlings
51%
41Kindergarten Kid
51%
33Same Old World
51%
113So Many Birthdays
51%
319Steven vs. Amethyst
51%
148Story for Steven
51%
149The Message
51%
220Back to the Barn
50%
213Onion Friend
50%
116Steven the Sword Fighter
50%
19Tiger Millionaire
50%
412Adventures in Light Distortion
49%
118Beach Party
49%
413Gem Heist
49%
141Horror Club
49%
313Kiki's Pizza Delivery Service
49%
150Political Power
49%
418Rocknaldo
49%
420Room for Ruby
49%
128Space Race
49%
122Steven and the Stevens
49%
423The Good Lars
49%
111Arcade Mania
48%
43Buddy's Book
48%
55Dewey Wins
48%
121Joking Victim
48%
219When It Rains
48%
124An Indirect Kiss
46%
58Back to the Kindergarten
46%
218Catch and Release
46%
210Chille Tid
46%
215Friend Ship
46%
317Gem Hunt
46%
22Joy Ride
46%
25Reformed
46%
36Steven Floats
46%
310The New Lars
46%
136Warp Tour
46%
520What's Your Problem
46%
315Alone at Sea
45%
422Doug Out
45%
312Restaurant Wars
45%
129Secret Team
45%
147Shirt Club
45%
416The New Crystal Gems
45%
410Three Gems and a Baby
45%
311Beach City Drift
44%
318Crack the Whip
44%
421Lion 4: Alternate Ending
44%
144Marble Madness
44%
44Mindful Education
44%
314Monster Reunion
44%
417Storm in the Room
44%
57Raising the Barn
43%
27Rising Tides, Crashing Skies
43%
39Too Short to Ride
43%
29We Need to Talk
43%
142Winter Forecast
43%
513Your Mother and Mine
43%
45Future Boy Zoltron
41%
214Historical Friction
41%
28Keeping It Together
41%
24Love Letters
41%
143Maximum Capacity
41%
146Open Book
41%
515Pool Hopping
41%
56Gemcation
40%
127House Guest
40%
514The Big Show
40%
419Tiger Philanthropist
40%
221Too Far
40%
46Last One Out of Beach City
39%
37Drop Beat Dad
37%
316Greg the Babysitter
35%

Score Distribution

Percentile by Number Answered

Percent of People with Each Score

Your Score History

You have not taken this quiz since the last reset